000 00933nam a2200253 i 4500
001 172649
003 ES-MaACL
005 20250824205125.0
008 090806s1972 sp |||| | spa d
017 _aB 40647-1972
080 _a821.134.2.09
245 0 0 _aDon Juan
_b: evolución dramática del mito /
_cedición, estudio preliminar y bibliografía seleccionada por Amando C. Isasi Angulo.
250 _a1ª ed.
260 _aBarcelona :
_bBruguera,
_c1972.
300 _a668 p., [1] h. ;
_c18 cm.
490 1 _aLibro clásico Bruguera ;
_v105
500 _aÍndice.
650 4 _aTeatro español-
_xHistoria y crítica.
_9136908
650 7 _aDon Juan (Personaje de ficción)
_2embne
_911966
700 1 _aIsasi Angulo, Amando.
_9141147
830 0 0 _aLibro clásico (Bruguera)
_v105
_9182686
852 4 _aES-MaACL
_jE-12948
_9R.139367
_z. - Biblioteca Jacinto Martínez Lacalle
999 _c172649
_d172649